PIC MICROCONTROLLER AN INTRODUCTION TO SOFTWARE AND HARDWARE INTERFACING (Record no. 56749)

MARC details
000 -LEADER
fixed length control field 00508pam a2200169 a 4500
020 ## - INTERNATIONAL STANDARD BOOK NUMBER
International Standard Book Number 978-81315-0691-2
Terms of availability P.B.
041 ## - LANGUAGE CODE
Language code of text/sound track or separate title eng
082 ## - DEWEY DECIMAL CLASSIFICATION NUMBER
Classification number 629.895
Item number HUA
100 ## - MAIN ENTRY--PERSONAL NAME
Personal name HUANG H. W.
245 ## - TITLE STATEMENT
Title PIC MICROCONTROLLER AN INTRODUCTION TO SOFTWARE AND HARDWARE INTERFACING
Medium Textual Documents
250 ## - EDITION STATEMENT
Edition statement 01-01-2008
260 ## - PUBLICATION, DISTRIBUTION, ETC.
Name of publisher, distributor, etc. CENGAGE LEARNING INDIA (PVT.) LTD., NEW DELHI
300 ## - PHYSICAL DESCRIPTION
Extent XXVI/790
Dimensions 25*20
500 ## - GENERAL NOTE
General note 14001
653 ## - INDEX TERM--UNCONTROLLED
Uncontrolled term MICROPROCESSOR MICROCONTROLLER and APPL. (T.E.)
930 ## - EQUIVALENCE OR CROSS-REFERENCE-UNIFORM TITLE HEADING [LOCAL, CANADA]
Uniform title 13527
Holdings
Withdrawn status Lost status Damaged status Not for loan Collection Home library Current library Shelving location Date acquired Source of acquisition Cost, normal purchase price Total Checkouts Full call number Barcode Date last seen Copy number Price effective from Koha item type
        EWP College of Engineering for Women, Pune College of Engineering for Women, Pune A-REF-21 19/02/2010 BHARATI MADHYA. SAHAKARI GRAHAK BHANDAR LTD., 599.00   629.895 HUA EWP-13470 24/02/2023 1 24/02/2023 Book